Регионална библиотека "Любен Каравелов" - Русе

Съчинения (Запис номер 183070)

MARC детайли
000 -Лидер
Контролно поле с фиксирана дължина 01909nam a2200385 a 4500
003 - Код на организацията, давaща контролен номер
Контролно поле BLK
005 - Дата и час на последна редакция
Контролно поле 20240405092116.0
008 - Елементи от данни с фиксирана дължина
fixed length control field 180411b bul|||||r ||||||| ||bul||
010 ## - Наследен системен номер
LC control number KNG00191996000
040 ## - Източник на каталожния запис
Идентификатор на билиотеката - собственик на записа BLK
041 ## - Код за език
Код за езика на текст/звукозапис или на отделно заглавие Български
Код за езика КДБФ Български
080 ## - УДК
Текстов определител УДК Българска литература
УДК код - определител по УДК 821.163.2
УДК определител (081)
УДК - код + определител 821.163.2(081)
080 ## - УДК
Текстов определител УДК Българска литература
УДК код - определител по УДК 821.163.2
УДК определител -31
УДК - код + определител 821.163.2-31
080 ## - УДК
Текстов определител УДК Българска литература
УДК код - определител по УДК 821.163.2
УДК определител -2
УДК - код + определител 821.163.2-2
080 ## - УДК
Текстов определител УДК Българска литература
УДК код - определител по УДК 821.163.2
УДК определител -32
УДК - код + определител 821.163.2-32
100 1# - Редна дума - Автор
Автор Димов, Димитър Тодоров
Авторска отговорност първи автор
R(LIN) 364841
139 ## - Редно поле
Редна дума Димов, Димитър Тодоров
Авторски знак Димо - Д 60
245 10 - Сведения за заглавието
Заглавие Съчинения
Подзаглавни данни В 5 т.
Редно поле (дума) Димитър Тодоров Димов; под ред. на Кръстьо Куюмджиев; под ред. на на том Любомир Тенев, Богомил Нонев.
Том Т. 4
Заглавие на том Драми, разкази, пътеписи
257 ## - Страна на издаване
Страна на създаване/издаване България
260 ## - Област на издателските данни
Място на издаване, разпространение и проч. София
Име на издателя, разпространителя и проч. Бълг. писател
Година на издаване 1974 -
300 ## - Физическа характеристика
Размери/Мащаб 21 см
380 ## - Жанр
Жанр Худож. лит.
500 ## - Общи забележки
Забележка Други ред.: Богомил Нонев, Любомир Тенев. - 70 100 тир.
700 1# - Други автори (авторска отговорност)
Лично име Куюмджиев, Кръстьо
Автороска отговорност (Описва отношението между автора и произведението) под ред. на
9 (RLIN) 376214
700 ## - Други автори (авторска отговорност)
Лично име Тенев, Любомир Димов
Дати, свързани с автора 1915-1993
Друга информация Театрален теоретик и критик.
9 (RLIN) 270635
700 1# - Други автори (авторска отговорност)
Лично име Нонев, Богомил
Автороска отговорност (Описва отношението между автора и произведението) под ред. на на том
9 (RLIN) 369779
760 1# - Описание на основната серия
Редна дума на основното описание Димов, Димитър Тодоров
Място на издаване, издател и година 1975
Страници - том 416 с., 5 л. : портр.
Заглавие Т. 4 Драми, разкази, пътеписи
852 ## - Местоположение
Форматна сигнатура Цб 71325
856 4# - Електронен адрес и достъп
Електронен формат pdf - файл
856 4# - Електронен адрес и достъп
Електронен формат pdf - файл
999 ## - СИСТЕМНИ КОНТРОЛНИ НОМЕРА
Koha biblionumber 183070
Koha biblioitemnumber 183070
942 ## - АРТИКУЛИ
Вид на библиотечния материал Книги
Скрит в OPAC Не
Koha issues (borrowed), all copies 5
Периодичен библиозапис Да
944 ## - СЪЗДАВАНЕ И РЕДАКЦИЯ на ЗАПИСА
Създаване/Редакция Създаване
Дата на регистрацията/редакция 07.10.2016
Служител, извършил регистрацията/редакцията 30560
Статус, дата на статуса Геновева Генчева
944 ## - СЪЗДАВАНЕ И РЕДАКЦИЯ на ЗАПИСА
Създаване/Редакция Редакция
Дата на регистрацията/редакция 2022-08-16
Служител, извършил регистрацията/редакцията ир
999 ## - СИСТЕМНИ КОНТРОЛНИ НОМЕРА
Koha biblioitemnumber 183070
Наличности
Код за отписване Код за изгубен артикул Източник на класификационната схема Код за повреда Коз за рестрикции Код за отдаване Артикулен № Име на библиотеката - собственик Име на библиотеката, в която се намира в момента Статус (Текущо местоположение) Дата на вписване в системата Местоположение - отдел Цена в лева Инвентарен номер Систематично азбучна сигнатура Баркод Номер на екземпляра Цена в евро Служебна бележка Служебен тип на артикула Бележка за публиката
  Не е изгубен Universal Decimal Classification Не е повреден само за читалня ползва се в читалня 315236 Регионална библиотека "Любен Каравелов" Русе Регионална библиотека "Любен Каравелов" Русе Хранилище 1974-01-01 Хранилище 2.59 183356 Цб 71325 120000183356 1 1.32 Дост: Dp N: стар фонд Дата: 01.01.1974 Книги  
Изтеглен Не е изгубен   Не е повреден без рестрикции заемане за дома 315237 Регионална библиотека "Любен Каравелов" Русе Регионална библиотека "Любен Каравелов" Русе   1974-01-01 Заемна - подръчен фонд 2.59 182104 П 886.7(081)/Д 60 182104 2 1.32 N: ф Дата: 01.01.1974 Книги Отч.N: 29/2018 , Дата: 28.03.2018
Изтеглен Не е изгубен Universal Decimal Classification Не е повреден без рестрикции заемане за дома 315238 Регионална библиотека "Любен Каравелов" Русе Регионална библиотека "Любен Каравелов" Русе Заемна - подръчен фонд 1974-01-01 Заемна - подръчен фонд 2.59 182105 П 886.7(081)/Д 60 182105 3 1.32 N: ф Дата: 01.01.1974 Дата инв: 13.02.2018 Бележки инв: П2018 Книги  
Изтеглен Не е изгубен   Не е повреден без рестрикции заемане за дома 315239 Регионална библиотека "Любен Каравелов" Русе Регионална библиотека "Любен Каравелов" Русе   1974-01-01 Заемна - подръчен фонд 2.59 182107 П 886.7(081)/Д 60 182107 4 1.32 N: ф Дата: 01.01.1974 Книги Отч.N: 29/2018 , Дата: 28.03.2018
Изтеглен Не е изгубен Universal Decimal Classification Не е повреден без рестрикции заемане за дома 315240 Регионална библиотека "Любен Каравелов" Русе Регионална библиотека "Любен Каравелов" Русе Заемна - подръчен фонд 1974-01-01 Заемна - подръчен фонд 2.59 182110 П 886.7(081)/Д 60 182110 5 1.32 N: ф Дата: 01.01.1974 Дата инв: 13.02.2018 Бележки инв: П2018 Книги  
Изтеглен Не е изгубен   Не е повреден без рестрикции заемане за дома 315241 Регионална библиотека "Любен Каравелов" Русе Регионална библиотека "Любен Каравелов" Русе   1974-01-01 Заемна - подръчен фонд 2.59 182111 П 886.7(081)/Д 60 182111 6 1.32 N: ф Дата: 01.01.1974 Книги Отч.N: 29/2018 , Дата: 28.03.2018
Vip Innovations Ltd, Rousse, Bulgaria 2025